000 01101nam0a22002411 4500
001 rc\3053017
005 20260407131454.0
035 _a(NLR Aleph) 007192350
090 _a7550270
_c7550270
100 _a20111011g1940 |||y0rusy50 ca
101 0 _arus
102 _aRU
105 _ay z |||||
200 1 _aТруды Николаевского кораблестроительного института
_eВып. 5-
_fНар. ком. судостроит. пром-сти ГУУЗ СССР
210 _aНиколаев
_cНиколаев. кораблестроит. ин-т
_d1940-
215 _d23 см
300 _aПеречень имеющихся в библиотеке томов, номеров, годов этого издания смотри в каталоге периодических изданий
710 0 2 _aНиколаевский кораблестроительный институт им. С. О. Макарова
_3RU\NLR\AUTH\889985068
_9465748
801 0 _aRU
_bNLR
_gpsbo
801 1 _aRU
_bELAR
_2rusmarc
852 _aNLR
_jП10/744
942 _cBOOK
980 _aNB